000 00783nam a2200289Ia 4500
005 20260324125918.0
008 008 260324s9999 xx 000 0 eng d
020 _a9780203891001
037 _aEBOOK
040 _aCRL
040 _beng
040 _cCRL
041 _2eng
041 _aeng
084 _qCRL
100 _aAmy B.M. Tsui; Gwyn Edwards; Fran Lopez-Real; Tammy Kwan; Doris Law; Philip Stimpson; Rosina Tang; Albert Wong
_91179804
245 0 _aLearning in School-University Partnership
245 0 _bSociocultural Perspectives
260 _bTaylor and Francis
260 _c2008
365 _a
365 _b240
856 _uhttp://www.taylorfrancis.com/books/9780203891001
942 _cEBOOK
999 _c1775468
_d1775468